|
|
|
|
| LEADER |
01889nam a2200445 a 4500 |
| 001 |
000718280 |
| 003 |
CZ BrMZK |
| 005 |
20040716093851.0 |
| 007 |
ta |
| 008 |
040527s2004 xr a e 000 0 cze |
| 015 |
|
|
|a cnb001316716
|
| 020 |
|
|
|a 80-239-3236-5
|q (brož.)
|
| 035 |
|
|
|a (OCoLC)85108321
|
| 040 |
|
|
|a BOA001
|b cze
|
| 072 |
|
7 |
|a 633
|x Rostlinná výroba
|2 Konspekt
|9 24
|
| 080 |
|
|
|a 633.491
|2 MRF
|
| 080 |
|
|
|a 632.6/.7
|2 MRF
|
| 080 |
|
|
|a 632.2/.4
|2 MRF
|
| 080 |
|
|
|a (048.8)
|2 MRF
|
| 100 |
1 |
|
|a Rasocha, Vlastimil,
|d -2018
|7 mzk2003171455
|4 aut
|
| 245 |
1 |
0 |
|a Choroby, škůdci a abionózy bramboru /
|c Vlastimil Rasocha, Ervín Hausvater, Petr Doležal
|
| 260 |
|
|
|a České Budějovice :
|b Orin,
|c 2004
|
| 300 |
|
|
|a 74 s. :
|b barev. il. ;
|c 22 cm
|
| 500 |
|
|
|a Publikace vznikla na základě využití výzkumných projektů: NAZV QD 0146, NAZV QE 1174 a MŠMT ČS LI 200018
|
| 500 |
|
|
|a Samost. příl. časopisu: Agro - Ochrana, výživa, odrůdy, 2004, 5
|
| 500 |
|
|
|a Nad názvem: Výzkumný ústav bramborářský, Havlíčkův Brod, s.r.o.
|
| 500 |
|
|
|a Dostupné též v digitální podobě v aplikaci Kramerius
|
| 650 |
0 |
7 |
|a živočišní škůdci
|7 ph128045
|2 czenas
|
| 650 |
0 |
7 |
|a nemoci rostlin
|7 ph134930
|2 czenas
|
| 650 |
0 |
7 |
|a brambory
|7 ph114194
|2 czenas
|
| 650 |
0 |
7 |
|a škůdci rostlin
|7 ph127823
|2 czenas
|
| 655 |
|
7 |
|a studie
|7 fd133597
|2 czenas
|
| 700 |
1 |
|
|a Hausvater, Ervín
|7 mzk2003171561
|4 aut
|
| 700 |
1 |
|
|a Doležal, Petr
|7 xx0021811
|4 aut
|
| 710 |
2 |
|
|a Výzkumný ústav bramborářský Havlíčkův Brod
|7 kn20010710410
|
| 772 |
0 |
|
|t Agro - Ochrana, výživa, odrůdy
|
| 856 |
4 |
1 |
|u http://www.digitalniknihovna.cz/mzk/uuid/uuid:9fc505a0-4a4f-11e6-a5c5-005056827e51
|y Digitalizovaný dokument
|x NDK
|
| 910 |
|
|
|a BOA001
|b 2-1135.638
|
| 990 |
|
|
|a BK
|
| 996 |
6 |
|
|b 2610221213
|c 2-1135.638
|l MZK
|r Sklad / do 1 hodiny
|n 7
|p p.v.
|w 000718280
|u 000010
|a 1
|e BOA001
|j MZK50
|s P
|